La prescripción tributaria y concursal.Tema pendientes (Registro nro. 15420)

Detalles MARC
000 -LEADER
fixed length control field 00331 a2200109 4500
001 - CONTROL NUMBER
control field ART_18880
005 - DATE AND TIME OF LATEST TRANSACTION
control field 20260410161704.0
008 - FIXED-LENGTH DATA ELEMENTS--GENERAL INFORMATION
fixed length control field 260409a
100 1# - MAIN ENTRY--PERSONAL NAME
Personal name Melzi, Flavia Irene
245 10 - TITLE STATEMENT
Title La prescripción tributaria y concursal.Tema pendientes
773 0# - HOST ITEM ENTRY
Title Revista Impuestos
Related parts - Nº 11 (oct. 2010)
Record control number REV639

No hay ítems disponibles.